A History of Communications : Media and Society from the Evolution of Speech to the Internet /
Spremljeno u:
| Glavni autor: | |
|---|---|
| Format: | Knjiga |
| Jezik: | engleski |
| Izdano: |
Nueva York, EUA :
Cambridge University,
2011, c2011
Birmingham, EUA : EBSCOhost [distribución], 2011 |
| Teme: | |
| Online pristup: | Ver documento en línea |
| Oznake: |
Bez oznaka, Budi prvi tko označuje ovaj zapis!
|
MARC
| LEADER | 00000nam^a2200000^a^4500 | ||
|---|---|---|---|
| 001 | 000359905 | ||
| 005 | 20251023000000.0 | ||
| 009 | 20260310115408.848 | ||
| 020 | |a 978-0-5119-9289-6 | ||
| 037 | |a Acervo ITESO - Biblioteca | ||
| 041 | |a ING | ||
| 082 | |a 302. 209 |b POE | ||
| 100 | |a Poe, Marshall T. |e (autor) | ||
| 245 | 1 | 2 | |a A History of Communications : |b Media and Society from the Evolution of Speech to the Internet / |c M. Poe. |
| 264 | 4 | |a Nueva York, EUA : |b Cambridge University, |c 2011, c2011 | |
| 264 | 4 | |a Birmingham, EUA : |b EBSCOhost [distribución], |c 2011 | |
| 300 | |a 1 libro electrónico en línea (XI, 337 p.) | ||
| 336 | |a datos para computadora |b cod |2 rdacontenido | ||
| 337 | |a computadora |b c |2 rdamedio | ||
| 338 | |a recurso en línea |b cr |2 rdasoporte | ||
| 506 | 1 | |a 1 licencia | |
| 521 | |a 2015 BO Maestría en Comunicación de la Ciencia y la Cultura | ||
| 649 | |a XX | ||
| 650 | |a Medios de Comunicación - |x Aspectos Sociales y Culturales | ||
| 650 | |a Internet - |x Aspectos Sociales y Culturales | ||
| 650 | |a Tecnologías de Comunicación e Información - |x Aspectos Sociales y Culturales | ||
| 650 | |a Comunicación - |x Aspectos Tecnológicos | ||
| 650 | |a Comunicación - |x Historia - |x Tema Principal | ||
| 650 | |a Sociología de la Comunicación | ||
| 856 | 4 | 0 | |u https://ezproxy.iteso.mx/login?url=https://search.ebscohost.com/login.aspx?direct=true&scope=site&db=nlebk&db=nlabk&AN=352486 |y Ver documento en línea |
| 910 | |a Fondo General | ||
| 920 | |a Electrónicos - Libros en Línea | ||
| 930 | |a Plataforma Digital | ||
| 905 | |a 205 | ||
| 901 | |a 359905-1 |b IT2 |c EBO |i C883 |u 20250521 | ||
| 901 | |a 359905-2 |b IT2 |c EBO |i C883 |u 20250521 | ||
| 901 | |a 359905-3 |b IT2 |c EBO |i C883 |u 20250521 | ||
| 902 | |a https://opac.biblio.iteso.mx/vufind/Record/000359905 | ||